Statistics for Literature by Letter - O

Click here to take the quiz!

General Stats

  • This quiz has been taken 10,458 times
    (10,426 since last reset)
  • The average score is 15 of 20

Answer Stats

HintAnswer% Correct
Realm of the Tin Man, Cowardly Lion, and ScarecrowOz
97%
A poem in praise of something. For example, "___ to Joy"Ode
95%
Author of "1984" and "Animal Farm"George Orwell
94%
Dickens orphan who would like some more gruel (first name)Oliver
94%
Agatha Christie novel featuring Hercule PoirotMurder on the
{Orient} Express
93%
Considered the most authoritative and scholarly English dictionary{Oxford} English Dictionary
93%
Sequel to the "Iliad", telling of the journey home after the fall of TroyOdyssey, The
88%
Shakespeare's "Moorish play", or the titular character in said playOthello
86%
Greek hero famous for accidentally killing his father and marrying his motherOedipus
81%
Pulitzer-winning Hemingway novella in which Santiago struggles
with a giant marlin
{Old} {Man} and the
Sea, the
81%
A self-contradicting statement, such as "jumbo shrimp"Oxymoron
81%
Hamlet's love interestOphelia
77%
A word that sounds like the noise it is describing - buzz, click, grunt, for exampleOnomatopoeia
72%
Ken Kesey book about an Oregon psychiatric hospital. The movie
version won 5 Academy Awards.
One Flew Over the
Cuckoo's Nest
64%
Children's book about a boy who had to shoot his beloved yellow dogOld Yeller
61%
This Catholic group were cast as villains in "The Da Vinci Code"{Opus} Dei
60%
Famous words of Lady MacBeth{Out} Damn'd Spot
60%
One of ancient Roman's three canonical poets. Author of "Metamorphoses"Ovid
59%
Nonsense poem by Edward Lear about four animals in a pea green boat{Owl} and the Pussycat, the
59%
Author of "Dreams from My Father" and "The Audacity of Hope"Barack Obama
47%

Score Distribution

Percentile by Number Answered

Percent of People with Each Score

Your Score History

You have not taken this quiz since the last reset